000 00866nam a2200241 i 4500
003 IT-RoINE
005 20201009084928.0
008 040212s2003 sp |r 001|||spa|d
020 _a847584510X
040 _aSpMaBN
_cSpMaBN IT-RoINE
_dIT-RoINE
100 1 _aMartín de Santa Olalla Saludes, Pablo,
_d1976- ‎
_928784
245 1 0 _aDe la victoria al concordato :
_blas relaciones Iglesia-Estado durante el "primer franquismo" (1939-1953) /
_cPablo Martín de Santa Olalla Saludes.
260 _aBarcelona :
_bLaertes,
_c2003.
300 _a267 p. ;
_c23 cm.
336 _2rdacontent
_atext
337 _2rdamedia
_aunmediated
338 _2rdacarrier
_avolume
500 _aEn el lomo: 87.
500 _aIncluye índice.
504 _aBibliografía: p. [247]-257.
650 4 _918225
_aIglesia y Estado
_zEspaña
_xHistoria
_y1939-1975
942 _cMTS
999 _c26980
_d26980